Statistics for Method Man Discography

Click here to take the quiz!

General Stats

  • This quiz has been taken 15 times
  • The average score is 7 of 8

Answer Stats

YearNameType% Correct
1999Blackout!Collaborative Album
100%
2009Blackout! 2Collaborative Album
100%
1994TicalAlbum
93%
2015The Meth LabAlbum
86%
2004Tical 0: The PrequelAlbum
86%
1998Tical 2000: Judgement DayAlbum
86%
20064.21... The Day AfterAlbum
79%
2010Wu-MassacreCollaborative Album
43%

Score Distribution

Percentile by Number Answered

Percent of People with Each Score

Your Score History

You have not taken this quiz